书目信息 |
| 题名: |
散文 报告文学选
|
|
| 作者: | 中国社会科学院文学研究所当代文学研究室 编 | |
| 分册: | ||
| 出版信息: | 北京 中国社会科学出版社 1983.12 |
|
| 页数: | 549页 | |
| 开本: | 20cm | |
| 丛书名: | ||
| 单 册: | ||
| 中图分类: | I217.1 | |
| 科图分类: | ||
| 主题词: | 文学--作品集--中国 | |
| 电子资源: | ||
| ISBN: | ||
| 000 | 00842nam0 2200217 45 | |
| 001 | 0211111190 | |
| 005 | 20031219104007.4 | |
| 010 | @dCNY1.50 | |
| 091 | @a10190.156 | |
| 100 | @a20021111d1983 km y0chiy0120 ea | |
| 101 | 0 | @achi |
| 105 | @a z 000cy | |
| 200 | 1 | @a散文 报告文学选@ASan Wen Bao Gao Wen Xue Xuan@e中国文学作品年编(1981)@EZhong Guo Wen Xue Zuo Pin Nian Bian(1981)@f中国社会科学院文学研究所当代文学研究室编@FZhong Guo She Hui Ke Xue Yuan Wen Xue Yan Jiu Suo Dang Dai Wen Xue Yan Jiu Shi Bian |
| 210 | @a北京@c中国社会科学出版社@d1983.12 | |
| 215 | @a549页@d20cm | |
| 517 | @a中国文学作品年编(1981)@AZhong Guo Wen Xue Zuo Pin Nian Bian(1981) | |
| 606 | 0 | @a文学@x作品集@x中国 |
| 690 | @aI217.1@v3 | |
| 701 | 0 | @a中国社会科学院文学研究所当代文学研究室@4编 |
| 801 | @aCN@bTSTC@c20021111 | |
| 905 | @f1@b161215@dI217.1@e106 | |
| 散文 报告文学选:中国文学作品年编(1981)/中国社会科学院文学研究所当代文学研究室编.-北京:中国社会科学出版社,1983.12 |
| 549页;20cm |
| ISBN :CNY1.50 |
| ● |
| 相关链接 |
|
|
|
|
正题名:散文 报告文学选
索取号:I217.1/106
 
预约/预借
| 序号 | 登录号 | 条形码 | 馆藏地/架位号 | 状态 | 备注 |
| 1 | 0106214 | 001619573 | 密集书库/ [索取号:I217.1/106] | 在馆 | |
| 2 | 0106215 | 001619537 | 密集书库/ [索取号:I217.1/106] | 在馆 | |
| 3 | 0161215 | 001620954 | 密集书库/ [索取号:I217.1/106] | 在馆 | |
| 4 | 0161216 | 001619118 | 密集书库/ [索取号:I217.1/106] | 在馆 | |
| 5 | 0161217 | 001619154 | 密集书库/ [索取号:I217.1/106] | 在馆 |